000 00881nam a2200313Ia 4500
008 160303s9999 xx 000 0 und d
020 _a978-1-4283-2140-3
050 _aMAIN TX 911.3
050 _b.M27S94 2010
100 _aSzende, Peter
245 _aCase scenarios in hospitality supervision /
245 _cPeter Szende.
260 _aNew York :
260 _bDelmar Cengage Learning.
260 _c2010
300 _a202 pages :
300 _billustrations ;
300 _c24 cm.
500 _aIncludes bibliographical references and index.
650 _a Supervisors --
650 _aCase studies.
650 _aCase studies.
650 _aExecutives -- Case studies.
650 _aHospitality industry --
650 _xCase studies.
650 _xCritical thinking --
650 _xLeadership --
650 _xManagement -- Case studies.
999 _c291060
_d291060